00550 a2200193 4500260001000000630001800010037001300028650003900041100002000080260003900100245012100139300001000260650003200270260000900302300000900311100000700320037001100327020001800338 aParis a57 - Biologie b1, Achat a5 - SCIENCES EXACTES ET NATURELLES aJacquet, Michel bService de Publications Orsay Plus aAspects de la régulation du devenir cellulaire chez les eucaryotes : plan du cours de génétique moléculaire  a60 p. aGénétique moléculaire c1991 b30cm lFr aS 7061 a2-87800-009-9